000 00405nam a22001457a 4500
020 _a9781439837146
040 _cNUST
082 _a621.3
_bGRO
100 _aGross Charless A.
_9124258
110 _aRoppel Thaddeus A.
_9124259
245 _aFundamentals of Electrical Engineering
260 _aLondon:
_bCRC Press,
_c2012.
650 _aFundamentals of Electrical Engineering
_9114093
942 _2ddc
_cBK
999 _c610166
_d610166